Camões (Registo nº 6113)

Detalhes MARC
000 -Etiqueta do registo
Valores 01363nam a2200265 4500
010 ## - Número ISBN
ISBN 9789897870460
021 ## - Número do Depósito Legal
Número 525819/23
100 ## - Dados gerais de processamento
Dados gerais 20260122d2024 c||y0pory50030103ba
200 1# - Titulo e menção de responsabilidade
Título próprio Camões
Informação de outro título As aventuras e desventuras de um poeta épico
Primeira menção de responsabilidade Sérgio Franclim
Outras menções de responsabilidade il. Bruno Ferreira
205 ## - Menção da edição
Edição 2ºed
210 #9 - Publicação
Local de publicação Lisboa
Nome do editor Booksmile
Data de publicação 2024
215 ## - Descrição física 
Paginação / Volumes [40] p.
Outras indicações físicas il.
Dimensões 26 cm
330 ## - Sumário ou Resumo
Texto da nota O João é muito curioso e quer saber tudo sobre o poeta que escreveu Os Lusíadas. Dizem que viveu incriveis aventuras e passou por muitas peripécias durante a escrita do seu grande poema. A amiga Maria acha que ele está a ser chato e manda-o «chatear o Camões», mas os dois acabam por embarcar numa fascinante viagem de descoberta. Quem é Luís de Camões, o que fez e porque é que se tornou tão épico?<br/>Neste livro vais descobrir tudo sobre a sua vida e, no fim, poderás ler ainda um resumo da obra Os Lusíadas
606 ## - Nome comum usado como assunto
ID Autoridade 804
Palavra de ordem Publicação para jovens
607 ## - Nome geográfico usado como assunto
ID Autoridade 988
Palavra de ordem História de Portugal
675 ## - CDU
Notação 087.5
Edição BN
Língua por
675 ## - CDU
Notação 94(469)
Edição BN
Língua por
700 ## - Autor principal (pessoa individual)
Apelido Franclim
Nome Sérgio
Datas 1978-
ID Autoridade 5809
701 ## - Co-autor principal (pessoa individual)
ID Autoridade 5810
Apelido Ferreira
Nome Bruno
801 #0 - Fonte de origem
País PT
Agência BMVN
Regras de catalogação RPC
830 ## - Notas gerais do catalogador
Criado por Ana Caetano
Data de criação 22/01/2026
856 41 - Localização e acesso electrónico 
URL <a href="http://rnod.bnportugal.gov.pt/ImagesBN/winlibimg.aspx?skey=&doc=2170836&img=195210&save=true">http://rnod.bnportugal.gov.pt/ImagesBN/winlibimg.aspx?skey=&doc=2170836&img=195210&save=true</a>
990 ## - Elementos KOHA
Tipo de documento Livro
Exemplares
Situação do levantamento Biblioteca de origem Código de barras Cota Permissão de empréstimo Tipo de documento Forma de aquisição
  Biblioteca Escola Nº2 Vendas Novas 100000006764 VT POR/CAM   Livro  

Powered by Koha